Online katalóg knižníc regiónu Turca

Reesova nevesta (Record no. 22199)

MARC details
000 -LEADER
fixed length control field 01837cam a2200517 a 4500
001 - CONTROL NUMBER
control field 22199
003 - CONTROL NUMBER IDENTIFIER
control field VRT
005 - DATE AND TIME OF LATEST TRANSACTION
control field 20260323125757.0
008 - FIXED-LENGTH DATA ELEMENTS--GENERAL INFORMATION
fixed length control field 240315s2011 xo g 000 1 slo
015 ## - NATIONAL BIBLIOGRAPHY NUMBER
National bibliography number SNBA2012/04-02241
020 ## - INTERNATIONAL STANDARD BOOK NUMBER
International Standard Book Number 9788055127170
Qualifying information (viaz.)
035 ## - SYSTEM CONTROL NUMBER
System control number 61CCA0ED-FFD0-4948-8945-380E04117090
035 ## - SYSTEM CONTROL NUMBER
System control number urn:nbn:sk:snk-amjjd8
035 ## - SYSTEM CONTROL NUMBER
System control number urn:nbn:sk:snk-am001sq7
039 #9 - LEVEL OF BIBLIOGRAPHIC CONTROL AND CODING DETAIL [OBSOLETE]
Level of rules in bibliographic description 202403151740
Level of effort used to assign nonsubject heading access points VLOAD
Level of effort used to assign subject headings 201908150906
Level of effort used to assign classification AUTHORITY
Level of effort used to assign subject headings 201508271414
Level of effort used to assign classification VLOAD
Level of effort used to assign subject headings 201508271043
Level of effort used to assign classification VLOAD
040 ## - CATALOGING SOURCE
Original cataloging agency POKPOH
Language of cataloging slo
Transcribing agency POKPOH
Modifying agency SVKBB
Description conventions AACR2
041 1# - LANGUAGE CODE
Language code of text/sound track or separate title slo
Language code of original eng
044 ## - COUNTRY OF PUBLISHING/PRODUCING ENTITY CODE
MARC country code xo
ISO country code SK
072 #7 - SUBJECT CATEGORY CODE
Subject category code 821.111(73)-3
Subject category code subdivision Americká próza
Source konspekt
080 ## - UNIVERSAL DECIMAL CLASSIFICATION NUMBER
Universal Decimal Classification number 821.111(73)-31
Edition identifier 2001
080 ## - UNIVERSAL DECIMAL CLASSIFICATION NUMBER
Universal Decimal Classification number (0:82-311.6)
Edition identifier 2001
080 ## - UNIVERSAL DECIMAL CLASSIFICATION NUMBER
Universal Decimal Classification number (0:82-312.5)
Edition identifier 2001
100 1# - MAIN ENTRY--PERSONAL NAME
Personal name Martin, Kat,
Dates associated with a name 1947-
Relationship aut
240 10 - UNIFORM TITLE
Uniform title Reese's bride
Language of a work Slovensky
245 10 - TITLE STATEMENT
Title Reesova nevesta
Statement of responsibility, etc. Kat Martinová ; [z anglického originálu preložila Zdenka Hudáková]
Number of part/section of a work [2. kniha]
250 ## - EDITION STATEMENT
Edition statement [1. vyd.]
260 ## - PUBLICATION, DISTRIBUTION, ETC.
Place of publication, distribution, etc. Bratislava
Name of publisher, distributor, etc. Ikar
Date of publication, distribution, etc. 2011
300 ## - PHYSICAL DESCRIPTION
Extent 275 s.
Dimensions 21 cm
655 #7 - INDEX TERM--GENRE/FORM
Genre/form data or focus term americké romány
Source of term SNKPH
655 #7 - INDEX TERM--GENRE/FORM
Genre/form data or focus term historické romány
Source of term SNKPH
655 #7 - INDEX TERM--GENRE/FORM
Genre/form data or focus term ľúbostné romány
Source of term SNKPH
655 #7 - INDEX TERM--GENRE/FORM
Genre/form data or focus term American fiction
Source of term SNKPHeng
655 #7 - INDEX TERM--GENRE/FORM
Genre/form data or focus term Historical novels
Source of term SNKPHeng
655 #7 - INDEX TERM--GENRE/FORM
Genre/form data or focus term Love novels
Source of term SNKPHeng
700 1# - ADDED ENTRY--PERSONAL NAME
Personal name Hudáková, Zdenka
Titles and other words associated with a name (prekladateľka)
Relationship trl
942 ## - ADDED ENTRY ELEMENTS (KOHA)
Source of classification or shelving scheme Dewey Decimal Classification
Koha item type Krásna literatúra pre dospelých
Suppress in OPAC No
949 ## - LOCAL PROCESSING INFORMATION (OCLC)
6 17A0877929
a snkSC 145265/2
b snk2012/3761
o 2887/11
949 ## - LOCAL PROCESSING INFORMATION (OCLC)
6 17A0880223
a snkSC 145265/2 D1
b snk2012/6342
o 2887/11
949 ## - LOCAL PROCESSING INFORMATION (OCLC)
6 270001000370714
a svkbbA 133468
b svkbbm 723577
949 ## - LOCAL PROCESSING INFORMATION (OCLC)
6 273K0539431
a svkpoA 212212
b svkpo543033
949 ## - LOCAL PROCESSING INFORMATION (OCLC)
6 2889180405
a savukPV 15858
b savuk2012/297
980 ## - EQUIVALENCE OR CROSS-REFERENCE-SERIES STATEMENT--PERSONAL NAME/TITLE [LOCAL, CANADA]
Personal name 821.111(73)-31
980 ## - EQUIVALENCE OR CROSS-REFERENCE-SERIES STATEMENT--PERSONAL NAME/TITLE [LOCAL, CANADA]
Personal name (0:82-311.6)
980 ## - EQUIVALENCE OR CROSS-REFERENCE-SERIES STATEMENT--PERSONAL NAME/TITLE [LOCAL, CANADA]
Personal name (0:82-312.5)
Holdings
Stav vyradenia Strata Poškodenie Spôsob nadobudnutia Domovská knižnica Aktuálna knižnica Dátum nadobudnutia Total checkouts Čiarový kód exemplára Date last seen Typ exemplára
      Dar Obecná knižnica Turčianska Štiavnička Obecná knižnica Turčianska Štiavnička 23.03.2026   4738000646 23.03.2026 Krásna literatúra pre dospelých
Projekt je podporený Slovenskou asociáciou knižníc
Prevádzkuje Turčianska knižnica Martin 2026